000 00693nam a2200217 i 4500
001 bg
100 1 _aBAREK, Radosław
245 1 0 _aFizjonomia miasteczek wielkopolskich w aspekcie tożsamości miejsca /
_cRadosław Barek.
260 _aPoznań :
_bWydaw. PP,
_c1999.
300 _a123 s. :
_bil., mapy ;
_c24 cm.
490 1 _aRozprawy / Politechnika Poznańska,
_x0551-6528 ;
_vnr 347
504 _aBibliogr.
650 9 _aUrbanistyka
_zPolska
651 9 _aWielkopolska
_xplanowanie przestrzenne
830 0 _aRozprawy (Politechnika Poznańska) ;
_vnr 347
040 _cBPK
041 0 _apl
080 _a711.4/.8(438)A/Z
942 _cKS
008 s pl f |000 0 pol
999 _c37964
_d37964
856 _uhttp://koha.tu.koszalin.pl/cgi-bin/koha/opac-detail.pl?biblionumber=37964
_yKatalog online BPK